Statistics for U.S. States vs. Rest of The Americas - GDP

Click here to take the quiz!

General Stats

  • This quiz has been taken 39 times
  • The average score is 19 of 25

Answer Stats

GDPAnswer% Correct
2.9 TMexico
94%
3.3 TCalifornia
91%
2.2 TCanada
91%
1.9 TTexas
91%
1.8 TNew York
88%
3.8 TBrazil
84%
1.2 TFlorida
81%
667 BWashington
81%
1.3 TArgentina
78%
582 BChile
78%
940 BColombia
78%
736 BOhio
78%
936 BIllinois
75%
568 BMichigan
75%
672 BNew Jersey
75%
654 BNorth Carolina
75%
514 BPeru
75%
637 BMassachusetts
72%
840 BPennsylvania
72%
683 BGeorgia
69%
419 BIndiana
69%
438 BMaryland
69%
591 BVirginia
69%
422 BColorado
66%
414 BMinnesota
63%

Score Distribution

Percentile by Number Answered

Percent of People with Each Score

Your Score History

You have not taken this quiz